El vicario que hablaba al reves / (Record no. 27607)

MARC details
000 -LEADER
fixed length control field 00558nam a22002177a 4500
001 - CONTROL NUMBER
control field sjds
003 - CONTROL NUMBER IDENTIFIER
control field sjds
005 - DATE AND TIME OF LATEST TRANSACTION
control field 20221222120634.0
008 - FIXED-LENGTH DATA ELEMENTS--GENERAL INFORMATION
fixed length control field 221222b sp ||||| |||| 00| 0 spa d
020 ## - INTERNATIONAL STANDARD BOOK NUMBER
International Standard Book Number 9788434856844
020 ## - INTERNATIONAL STANDARD BOOK NUMBER
International Standard Book Number 8434856840
040 ## - CATALOGING SOURCE
Transcribing agency sjds
041 ## - LANGUAGE CODE
Language code of text/sound track or separate title spa
100 ## - MAIN ENTRY--PERSONAL NAME
Personal name Dahl, Roald
245 ## - TITLE STATEMENT
Title El vicario que hablaba al reves /
Statement of responsibility, etc. Roald Dahl, Quentin Blake
260 ## - PUBLICATION, DISTRIBUTION, ETC. (IMPRINT)
Place of publication, distribution, etc. Madrid :
Name of publisher, distributor, etc. SM,
Date of publication, distribution, etc. 1997
300 ## - PHYSICAL DESCRIPTION
Extent 42 pages :
Other physical details color illustrations ;
Dimensions 19 cm
440 ## - SERIES STATEMENT/ADDED ENTRY--TITLE
Title Barco de vapor
700 10 - ADDED ENTRY--PERSONAL NAME
Personal name Blake, Quentin.
942 ## - ADDED ENTRY ELEMENTS (KOHA)
Koha item type Libro/Book
Source of classification or shelving scheme Dewey Decimal Classification
Holdings
Withdrawn status Lost status Damaged status Not for loan Home library Current library Date acquired Total Checkouts Full call number Barcode Date last seen Date checked out Price effective from Koha item type Checked out Inventory number
        San Juan Del Sur -- Mobile El Baston 22/12/2022 1 JFI 33017067 13/04/2023 13/04/2023 22/12/2022 Libro/Book 18/05/2023  
        San Juan Del Sur -- Mobile San Juan Del Sur -- Biblioteca 22/12/2022 2 JFI 33017070 29/05/2024 13/03/2024 22/12/2022 Libro/Book    
        San Juan Del Sur -- Mobile San Juan Del Sur -- Mobile 12/02/2023   JFI 30029895 12/02/2023   12/02/2023 Libro/Book   Inventory date: 1-2-25
        San Juan Del Sur -- Mobile San Juan Del Sur -- Mobile 12/02/2023   JFI 30029892 12/02/2023   12/02/2023 Libro/Book   Inventory date: 1-2-25

Powered by Koha